000 00342nam a2200145Ia 4500
008 230711s9999||||xx |||||||||||||| ||und||
041 _aENG
082 _a621
_bGA-M
100 _aGalyer,J.F.W
245 0 _aMetrology for engineers
250 _a1st
260 _c1990
_aLondon
_bElbs Britain
650 _aMechanical Engineering
942 _cBK
999 _c1139
_d1139